Wszystkie miasta świata powyżej 1 mln ludności - Statystyki

Ogólne statystyki
  • Ten quiz został rozwiązany 1 096 razy
  • Średni wynik to 139 z 642
Odpowiedzi na mapie
Odpowiedzi zakodowano w zielono-czerwonej skali na mapie do tego quizu, zgodnie z poniższymi procentami.
 
Statystyki odpowiedzi
Państwo Miasto Populacja % Poprawnych
Polska Warszawa 2 475 000
91%
Rosja Moskwa 18 800 000
86%
Wielka Brytania Londyn 15 100 000
83%
Niemcy Berlin 4 700 000
82%
Francja Paryż 11 500 000
82%
Hiszpania Madryt 6 700 000
80%
Stany Zjednoczone Nowy Jork 21800 000
80%
Ukraina Kijów 3 475 000
79%
Japonia Tokio 41 200 000
79%
Hiszpania Barcelona 4 875 000
78%
Włochy Rzym 3 425 000
78%
Rosja Petersburg 6 350 000
77%
Portugalia Lizbona 2 500 000
76%
Czechy Praga 1 470 000
76%
Egipt Kair 22 800 000
75%
Chiny Pekin 21 500 000
75%
Meksyk Meksyk 25 400 000
74%
Białoruś Mińsk 2 100 000
74%
Turcja Stambuł 16 000 000
74%
Grecja Ateny 3 575 000
73%
Węgry Budapeszt 2 525 000
73%
Irlandia Dublin 1 550 000
73%
Stany Zjednoczone Los Angeles 17 100 000
73%
Włochy Mediolan 6 150 000
73%
Norwegia Oslo 1 270 000
73%
Szwecja Sztokholm 2 325 000
73%
Holandia Amsterdam 2 575 000
72%
Finlandia Helsinki 1 560 000
72%
Polska Katowice 2 175 000
72%
Niemcy Monachium 2 300 000
72%
Austria Wiedeń 2 375 000
72%
Turcja Ankara 5 200 000
71%
Rumunia Bukareszt 2 225 000
71%
Portugalia Porto 1 550 000
71%
Włochy Neapol 4 050 000
70%
Niemcy Zagłebie Ruhry 10 900 000
70%
Belgia Bruksela 2 800 000
69%
Niemcy Hamburg 2 900 000
69%
Dania Kopenhaga 1 800 000
68%
Bułgaria Sofia 1 260 000
68%
Stany Zjednoczone Waszyngton 8 650 000
68%
Wielka Brytania Manchester 6 100 000
67%
Brazylia Rio de Janeiro 13,600 000
67%
Australia Sydney 5 150000
67%
Stany Zjednoczone Chicago 9 600 000
66%
Serbia Belgrad 1 430 000
65%
Argentyna Buenos Aires 16 800 000
65%
Francja Marsylia 1 710 000
65%
Stany Zjednoczone Miami 6 300 000
64%
Stany Zjednoczone San Francisco 7 500 000
64%
Korea Południowa Seul 25 200 000
64%
Chiny Szanghaj 41 600 000
63%
Iran Teheran 16 800 000
63%
Brazylia Brasília 3 850 000
62%
Indie Delhi 35 700 000
62%
Francja Lyon 2 050 000
62%
Kanada Ottawa 1 390 000
62%
Kanada Toronto 7 850 000
62%
Tunezja Tunis 2 725 000
62%
Zjednoczone Emiraty Arabskie Dubaj 6 050 000
61%
Peru Lima 12 000 000
61%
Ukraina Charków 1 580 000
60%
Algieria Algier 4 325 000
59%
Kolumbia Bogota 10 600 000
59%
Niemcy Frankfurt nad Menem 3 225 000
59%
Wielka Brytania Glasgow 1 710 000
59%
Holandia Rotterdam 3 450 000
59%
Tajlandia Bangkok 21 800 000
58%
Izrael Jerozolima 1 080 000
58%
Maroko Rabat 2 125 000
58%
Brazylia São Paulo 22 600 000
58%
Indonezja Dżakarta 29 500 000
57%
Kuba Hawana 2 150 000
57%
Filipiny Manila 27 800 000
56%
Arabia Saudyjska Rijad 7 700 000
56%
Chile Santiago 8 400 000
56%
Egipt Aleksandria 6 250 000
55%
Irak Bagdad 7 800 000
55%
Wielka Brytania Birmingham 3 975 000
55%
Ukraina Donieck 1 390 000
55%
Republika Południowej Afryki Kapsztad 5 100 000
55%
Szwajcaria Zurych 1 520 000
55%
Azerbejdżan Baku 3 725 000
54%
Stany Zjednoczone Boston 7 700 000
54%
Republika Południowej Afryki Johannesburg 14 800 000
54%
Ukraina Odessa 1 090 000
54%
Hiszpania Sewilla 1 300 000
54%
Włochy Turyn 1 590 000
54%
Japonia Osaka 17 700 000
53%
Chiny Hongkong 7 500 000
52%
Australia Melbourne 5 200 000
52%
Stany Zjednoczone Melbourne 1 350 000
52%
Singapur Singapur 8 000 000
52%
Hiszpania Walencja 1 940 000
52%
Kazachstan Astana 1 600 000
51%
Indie Mumbaj 27 600 000
51%
Kanada Vancouver 3 175 000
51%
Zjednoczone Emiraty Arabskie Abu Zabi 1 850 000
50%
Wenezuela Caracas 3 850 000
50%
Stany Zjednoczone Dallas 7 800 000
50%
Syria Damaszek 3 975 000
50%
Wietnam Hanoi 7 350 000
50%
Izrael Tel Awiw-Jafa 3 000 000
50%
Mongolia Ułan Bator 1 610 000
50%
Maroko Casablanca 4 450 000
49%
Senegal Dakar 4 225 000
49%
Stany Zjednoczone Las Vegas 2 375 000
49%
Pakistan Rawalpindi 5 600 000
49%
Gruzja Tbilisi 1 430 000
49%
Nigeria Lagos 21 300 000
48%
Stany Zjednoczone Seattle 4 475 000
48%
Francja Bordeaux 1 160 000
47%
Bangladesz Dhaka 23 100 000
47%
Armenia Erywań 1 520 000
47%
Malezja Kuala Lumpur 9 550 000
47%
Niemcy Lipsk 1 080 000
47%
Kenia Nairobi 6 900 000
47%
Jemen Sana 3 275 000
47%
Kuwejt Kuwejt 5 050 000
46%
Australia Perth 2 350 000
46%
Korea Północna Pjongjang 3 025 000
46%
Ekwador Quito 2 875 000
46%
Afganistan Kabul 5 250 000
45%
Hiszpania Malaga 1 100 000
45%
Kanada Montreal 4 500 000
45%
Panama Panama 1 430 000
45%
Libia Trypolis 1 870 000
45%
Etiopia Addis Abeba 4 825 000
44%
Jordania Amman 6 150 000
44%
Madagaskar Antananarywa 3 150 000
44%
Belgia Antwerpia 1 270 000
44%
Stany Zjednoczone Filadelfia 7 500 000
44%
Stany Zjednoczone Houston 7 200 000
44%
Chiny Kanton 72 700 000
44%
Demokratyczna Republika Konga Kinszasa 16 300 000
44%
Boliwia La Paz 1 870 000
44%
Urugwaj Montevideo 1 810 000
44%
Tajwan Tajpej 10 100 000
44%
Stany Zjednoczone Atlanta 6 150 000
43%
Liban Bejrut 1 930 000
43%
Sudan Chartum 7 200 000
43%
Katar Doha 2 650 000
43%
Chiny Wuhan 12 600 000
43%
Nowa Zelandia Auckland 1 530 000
42%
Stany Zjednoczone Detroit 5 750 000
42%
Niemcy Stuttgart 2 300 000
42%
Wielka Brytania Leeds 2 175 000
41%
Ukraina Dniepr 1 320 000
40%
Stany Zjednoczone San Diego 3 200 000
40%
Turcja Izmir 3 025 000
39%
Dominikana Santo Domingo 3 900 000
39%
Stany Zjednoczone Denver 3 875 000
38%
Rosja Kazań 1 560 000
38%
Chiny Lu'an 1 300 000
38%
Wielka Brytania Newcastle 1 470 000
38%
Japonia Sapporo 2 500 000
38%
Angola Luanda 9 650 000
37%
Kolumbia Medellin 4 350 000
37%
Kostaryka San José 2 450 000
37%
Francja Tuluza 1 150 000
37%
Nigeria Abudża 3 050 000
36%
Ghana Akra 6 800 000
36%
Meksyk Guadalajara 5 950 000
36%
Indie Kolkata 17 900 000
36%
Maroko Marrakesz 1 140 000
36%
Arabia Saudyjska Mekka 2 675 000
36%
Somalia Mogadiszu 2 250 000
36%
Stany Zjednoczone Phoenix 4 950 000
36%
Haiti Port-au-Prince 3 050 000
36%
Uzbekistan Taszkent 3 850 000
36%
Gwatemala Gwatemala 3 375 000
35%
Pakistan Karaczi 21 000 000
35%
Niemcy Norymberga 1 120 000
35%
Turcja Antalya 1 400 000
34%
Australia Brisbane 3 450 000
34%
Japonia Hiroszima 1 870 000
34%
Rosja Wołgograd 1 080 000
34%
Paragwaj Asunción 2 350 000
33%
Stany Zjednoczone Austin 2 250 000
33%
Nepal Katmandu 3 175 000
33%
Francja Lille 1 320 000
33%
Kirgistan Biszkek 1 540 000
32%
Niemcy Hanower 1 090 000
32%
Wietnam Ho Chi Minh 14 300 000
32%
Oman Maskat 1 620 000
32%
Kazachstan Ałmaty 2 700 000
31%
Meksyk Monterrey 6 150 000
31%
Stany Zjednoczone Orlando 3 875 000
31%
Tanzania Dar es Salaam 6 650 000
30%
Sri Lanka Kolombo 4 975 000
30%
Rosja Rostów nad Donem 1 390 000
30%
Salwador San Salvador 1 580 000
30%
Australia Adelaide 1 450 000
29%
Kanada Calgary 1 510 000
29%
Kanada Edmonton 1 460 000
29%
Uganda Kampala 4 300 000
29%
Rosja Niżny Nowogrod 1 620 000
29%
Kambodża Phnom Penh 2 925 000
29%
Stany Zjednoczone Portland 2 425 000
29%
Stany Zjednoczone Salt Lake City 2 650 000
29%
Stany Zjednoczone San Antonio 2 400 000
29%
Chiny Xi'an 13400 000
29%
Mali Bamako 5 700 000
28%
Zambia Lusaka 3 000 000
28%
Bahrajn Manama 1 560 000
28%
Arabia Saudyjska Medyna 1 530 000
28%
Wielka Brytania Southampton 1 170 000
28%
Brazylia Belo Horizonte 5 300 000
27%
R. Congo Brazzaville 2 475 000
27%
Rosja Krasnodar 1 370 000
27%
Tadżykistan Duszanbe 1 270 000
26%
Zimbabwe Harare 2 675 000
26%
Kamerun Jaunde 3 975 000
26%
Japonia Nagoja 10 500 000
26%
Rosja Nowosybirsk 1 820 000
26%
Honduras Tegucigalpa 1 220 000
26%
Wybrzeże Kości Słoniowej Abidżan 7 050 000
25%
Turkmenistan Aszchabad 1 150 000
25%
Kolumbia Cali 2 975 000
25%
Stany Zjednoczone Indianapolis 2 100 000
25%
Rosja Jekaterynburg 1 810 000
25%
Nikaragua Managua 1 400 000
25%
Stany Zjednoczone Minneapolis 3 225 000
25%
Rosja Omsk 1 140 000
25%
Stany Zjednoczone Sacramento 2 125 000
25%
Rosja Ufa 1 230 000
25%
Syria Aleppo 1 980 000
24%
Korea Południowa Busan | Pusan 3 975 000
24%
Arabia Saudyjska Dżudda 3 950 000
24%
Sierra Leone Freetown 1 420 000
24%
Stany Zjednoczone Kansas City 2 075 000
24%
Rwanda Kigali 1 960 000
24%
Mozambik Maputo 2 575 000
24%
Czad Ndżamena 1 950 000
24%
Niger Niamey 1 530 000
24%
Stany Zjednoczone San Juan 1 910 000
24%
Stany Zjednoczone Tampa 5 050 000
24%
Stany Zjednoczone Jacksonville 2 125 000
23%
Brazylia Manaus 2 275 000
23%
Mauretania Nawakszut 1 500 000
23%
Rosja Perm 1 070 000
23%
Meksyk Tijuana 2 300 000
23%
Burkina Faso Wagadugu 3 425 000
23%
Republika Południowej Afryki Durban 3 900 000
22%
Palestyna Gaza 2 275 000
22%
Gwinea Konakry 2 975000
22%
Togo Lomé 2 625000
22%
Kenia Mombasa 1 370 000
22%
Liberia Monrovia 1 940 000
22%
Rosja Samara 1 350 000
22%
Wielka Brytania Sheffield 1 470 000
22%
Erytrea Asmara 1 090 000
21%
Turcja Bursa 2 200 000
21%
Indie Ćennaj 12 900 000
21%
Stany Zjednoczone Charlotte 2 650 000
21%
Chiny Chengdu 18 100 000
21%
Maroko Fez 1 310 000
21%
Wielka Brytania Nottingham 1 390 000
21%
Algieria Oran 1 640000
21%
Brazylia Porto Alegre 3 950 000
21%
Wenezuela Valencia 2 100 000
21%
Nigeria Kano 5 350 000
20%
Malawi Lilongwe 1 210 000
20%
Stany Zjednoczone Oklahoma City 1 210 000
20%
Mjanma Rangun 5 650 000
20%
Maroko Tanger 1 410 000
20%
Republika Środkowoafrykańska Bangi 1 680 000
19%
Chiny Nankin 9 500 000
19%
Brazylia Recife 4 100 000
19%
Meksyk Cancun 1 100 000
18%
Chiny Chongqing 12 900 000
18%
Stany Zjednoczone Cleveland 3 050 000
18%
Argentyna Córdoba 1 810 000
18%
Brazylia Kurytyba 3 375 000
18%
Argentyna Rosario 1 510 000
18%
Rosja Woroneż 1 130 000
18%
Gambia Bandżul 1 170 000
17%
Brazylia Fortaleza 3 825 000
17%
Pakistan Lahaur 14 600 000
17%
Niemcy Mannheim 1 550 000
17%
Chiny Xiamen 15 400 000
17%
Niemcy Akwizgran 1 000 000
16%
Indie Bengaluru 14 700 000
16%
Stany Zjednoczone El Paso 1 030 000
16%
Indie Hajdarabad 11 700 000
16%
Pakistan Hajdarabad 2 475 000
16%
Stany Zjednoczone Milwaukee 1 490 000
16%
Stany Zjednoczone Nashville 1 650 000
16%
Brazylia Salvador 3 400 000
16%
Chiny Tiencin 11 700 000
16%
Niemcy Bielefeld 1 080 000
15%
Stany Zjednoczone Columbus 1 830 000
15%
Rosja Czelabińsk 1 430 000
15%
Iran Isfahan 3 425 000
15%
Republika Południowej Afryki Port Elizabeth | Gqeberha 1 200 000
15%
Meksyk Puebla 4 300 000
15%
Stany Zjednoczone Saint Louis 2 325 000
15%
Indonezja Surabaja 5 950 000
15%
Maroko Agadir 1 270 000
14%
Brazylia Belém 2 200 000
14%
Japonia Fukuoka 2 850 000
14%
Chiny Harbin 5 550 000
14%
Turcja Konya 1 390 000
14%
Rosja Krasnojarsk 1 270 000
14%
Stany Zjednoczone Memphis 1 140 000
14%
Stany Zjednoczone Pittsburgh 2 025 000
14%
Chiny Urumczi 5 000 000
14%
Kolumbia Barranquilla 2 375 000
13%
Irak Basra 1 710 000
13%
Stany Zjednoczone Buffalo 1 410 000
13%
Bangladesz Ćottogram 5 050 000
13%
Rosja Saratów 1 170 000
13%
Tanzania Zanzibar 1 030 000
13%
Turcja Adana 1 780 000
12%
Indie Ahmadabad 9 900 000
12%
Stany Zjednoczone Cincinnati 2 800 000
12%
Ekwador Guayaquil 3 350 000
12%
Nigeria Ibadan 3 400 000
12%
Wenezuela Maracaibo 2 825 000
12%
Meksyk Merida 1 390 000
12%
Irak Mosul 1 550 000
12%
Boliwia Santa Cruz 1 960 000
12%
Kolumbia Kartagena 1 250 000
11%
Stany Zjednoczone Richmond 1 130 000
11%
Stany Zjednoczone Tucson 1 020 000
11%
Filipiny Cebu 2 800 000
10%
Indie Dźajpur 4 525 000
10%
Turcja Gaziantep 1750 000
10%
Malezja Georgetown 2 075 000
10%
Chiny Hangzhou 14 600 000
10%
Meksyk León 2 300 000
10%
Indie Pune 8 000 000
10%
Chiny Qingdao 7 700 000
10%
Indie Agra 2 625 000
9%
Indonezja Bandung 7 000 000
9%
Nigeria Benin 1 790 000
9%
Meksyk Chihuahua 1 070 000
9%
Korea Południowa Daegu 2 725 000
9%
Chiny Dalian 5 400 000
9%
Kamerun Duala 3 900 000
9%
Stany Zjednoczone Louisville 1010 000
9%
Indonezja Medan 4 250 000
9%
Brazylia Santos 1 760 000
9%
Indie Surat 8 050 000
9%
Chiny Changsha 11 500 000
8%
Meksyk Juarez 1 640000
8%
Ghana Kumasi 2 900 000
8%
Chiny Kunming 6 800 000
8%
Indie Lucknow 4 225 000
8%
Iran Meszhed 3 475 000
8%
Stany Zjednoczone Raleigh 1 830 000
8%
Chiny Zhengzhou 10 300 000
8%
Wietnam Da Nang 1 500 000
7%
Filipiny Davao 1 710 000
7%
Chiny Fuzhou 4 775 000
7%
Demokratyczna Republika Konga Lubumbashi 2 875000
7%
Mjanma Mandalaj 1 600 000
7%
Indie Nagpur 3 575 000
7%
Brazylia Natal 1 360 000
7%
Chiny Ningbo 7 600000
7%
Nigeria Port Harcourt 2 250 000
7%
Chiny Shenyang 8 800 000
7%
Iran Sziraz 1 950 000
7%
Iran Tebriz 1 970 000
7%
Chile Valparaiso 1 060 000
7%
Stany Zjednoczone Virginia Beach 1 650000
7%
Peru Arequipa 1 210 000
6%
Boliwia Cochabamba 1 280 000
6%
Indonezja Denpasar 1 240 000
6%
Stany Zjednoczone Fresno 1 000 000
6%
Stany Zjednoczone Hartford 1 680 000
6%
Chiny Hefei 8 200 000
6%
Irak Irbil 1 220 000
6%
Demokratyczna Republika Konga Kisangani 1 300 000
6%
Iran Kom 1 450 000
6%
Argentyna Mendoza 1 180 000
6%
Japonia Sendai 1 510 000
6%
Tunezja Susa 1 180 000
6%
Arabia Saudyjska Ad-Dammam 2 925 000
5%
Indie Bhopal 2 750 000
5%
Chiny Changchun 5 200 000
5%
Pakistan Fajsalabad 4 125 000
5%
Brazylia Goiania 2 525 000
5%
Korea Południowa Gwangju 1 630 000
5%
Stany Zjednoczone Harrisburg 1 360 000
5%
Chiny Jinan 6 750 000
5%
Indie Kanpur 3 700 000
5%
Tajwan Kaohsiung 2 750 000
5%
Irak Kirkuk 1 160 000
5%
Benin Kotonu 2 150 000
5%
Indonezja Makasar 1 800 000
5%
Chiny Nanning 5 550 000
5%
Indie Patna 2 950 000
5%
Meksyk San Luis Potosí 1 410 000
5%
Brazylia São Luis 1 530 000
5%
Chiny Shantou 8 050 000
5%
Chiny Suzhou 1 010 000
5%
Kazachstan Szymkent 1 370 000
5%
Meksyk Toluca 2 725 000
5%
Indie Waranasi 2 125 000
5%
Chiny Wenzhou 7 000 000
5%
Nigeria Aba 1 280 000
4%
Filipiny Angeles 1 780 000
4%
Tanzania Arusza 1 190 000
4%
Angola Benguela 1 420 000
4%
Kolumbia Bucaramanga 1 380 000
4%
Brazylia Campinas 3 250 000
4%
Indie Coimbatore 3 075 000
4%
Korea Południowa Daejeon 1 510 000
4%
Demokratyczna Republika Konga Goma 1010 000
4%
Stany Zjednoczone Greensboro 1 190 000
4%
Chiny Haikou 2 800 000
4%
Indie Indore 3 750 000
4%
Chiny Jilin 1 610 000
4%
Demokratyczna Republika Konga Kananga 1 370 000
4%
Turcja Kayseri 1 130 000
4%
Japonia Kitakiusiu 1 960 000
4%
Indie Koczin 1 660000
4%
Chiny Lanzhou 3 575 000
4%
Demokratyczna Republika Konga Mbuji-Mayi 2 500 000
4%
Turcja Mersin 1 060 000
4%
Japonia Naha 1 250 000
4%
Japonia Okayama 2 175 000
4%
Demokratyczna Republika Konga Pointe-Noire 1 480 000
4%
Indie Salem 1 230 000
4%
Honduras San Pedro Sula 1 330 000
4%
Chiny Shijiazhuang 6 450 000
4%
Nigeria Sokoto 1 140 000
4%
Stany Zjednoczone Stockton 1 280 000
4%
Korea Południowa Ulsan 1 070 000
4%
Meksyk Aguascalientes 1 250 000
3%
Iran Ahwaz 1 550 000
3%
Indie Amritsar 1 520 000
3%
Chiny Anshan 2 350 000
3%
Wenezuela Barquisimeto 1 360 000
3%
Burkina Faso Bobo-Dioulasso 1 100 000
3%
Demokratyczna Republika Konga Bukavu 1 100 000
3%
Stany Zjednoczone Cape Coral 1 230 000
3%
Kolumbia Cucuta 1 130 000
3%
Meksyk Culiacan 1 000 000
3%
Chiny Daqing 1 860 000
3%
Chiny Datong 2 000 000
3%
Turcja Diyarbakir 1 100 000
3%
Brazylia Florianopolis 1 260 000
3%
Pakistan Gudźranwala 3 450 000
3%
Chiny Guiyang 5 300 000
3%
Wietnam Hajfong 1 450 000
3%
Japonia Hamamatsu 1 310 000
3%
Chiny Hohhot 2 850 000
3%
Nigeria Ilorin 1 160 000
3%
Jordania Irbid 1 070 000
3%
Nigeria Kaduna 1 980 000
3%
Japonia Kumamoto 1 150 000
3%
Pakistan Kweta 1 720 000
3%
Chiny Linyi 4 650 000
3%
Chiny Luoyang 3 750 000
3%
Brazylia Maceio 1 220 000
3%
Indie Maduraj 1 970 000
3%
Nigeria Maiduguri 1 190 000
3%
Wenezuela Maracay 1 480 000
3%
Stany Zjednoczone McAllen 1 260 000
3%
Pakistan Multan 2 425 000
3%
Tanzania Mwanza 1 340 000
3%
Chiny Nanchang 5 150 000
3%
Chiny Nantong 3 475 000
3%
Indonezja Palembang 1 790 000
3%
Pakistan Peszawar 2 150 000
3%
Meksyk Saltillo 1 140 000
3%
Argentyna San Miguel de Tucuman 1 110 000
3%
Indonezja Semarang 2 125 000
3%
Japonia Shizuoka 1 120 000
3%
Indie Śrinagar 1 810 000
3%
Tajwan Tainan 1 360 000
3%
Chiny Taiyuan 6 150 000
3%
Chiny Taizhou 2 625 000
3%
Chiny Taizhou 1 490 000
3%
Chiny Tangshan 2 750 000
3%
Brazylia Teresina 1 0400 00
3%
Meksyk Torreon 1 440 000
3%
Senegal Touba 1 320 000
3%
Indie Vadodara 2 450 000
3%
Brazylia Vitoria 1 870 000
3%
Chiny Weifang 3 325 000
3%
Chiny Xuzhou 3 150 000
3%
Chiny Yantai 2 550 000
3%
Chiny Yinchuan 2 525 000
3%
Indonezja Yogyakarta 1 790 000
3%
Chiny Zibo 3 975 000
3%
Chiny Anyang 1 960 000
2%
Indonezja Bandar Lampung 1 440 000
2%
Chiny Baoding 2 225 000
2%
Chiny Baotou 2 200 000
2%
Indie Bareli 1 510 000
2%
Indonezja Batam 1 260 000
2%
Chiny Cangzhou 1 030 000
2%
Chiny Changde 1 230 000
2%
Korea Południowa Changwon 1010 000
2%
Korea Południowa Cheongju 1 250 000
2%
Chiny Chifeng 1 180 000
2%
Tajlandia Chon Buri 1 570 000
2%
Indonezja Cirebon 1 220 000
2%
Meksyk Cuernavaca 1 220 000
2%
Indie Czandigarh 2 750 000
2%
Indie Dźalandhar 1 240 000
2%
Indie Dźodhpur 1 700 000
2%
Nigeria Dżos 1 110 000
2%
Nigeria Enugu 1 010 000
2%
Stany Zjednoczone Greenville 1 020 000
2%
Chiny Guilin 1 830 000
2%
Chiny Handan 2 925 000
2%
Chiny Hengyang 1 250 000
2%
Chiny Heze 1 570 000
2%
Chiny Huainan 1 880 000
2%
Chiny Huzhou 1 750 000
2%
Chiny Jiaozuo 1 640000
2%
Chiny Jinhua 1 590 000
2%
Chiny Jining 1 880 000
2%
Chiny Jinzhou 1 240 000
2%
Brazylia João Pessoa 1 210 000
2%
Chiny Kaifeng 1 340 000
2%
Iran Kermanszah 1 130 000
2%
Bangladesz Khulna 1 210 000
2%
Indie Kota 1 620 000
2%
Indie Kozhikode 1 060 000
2%
Chiny Linfen 1 010 000
2%
Chiny Liuzhou 2 500 000
2%
Indie Ludhijana 2 150 000
2%
Chiny Luzhou 1 340 000
2%
Indonezja Malang 1 760 000
2%
Chiny Maoming 1 440 000
2%
Indie Moradabad 1 480 000
2%
Meksyk Morelia 1 060 000
2%
Chiny Nanchong 1 440 000
2%
Indie Nashik 2 425 000
2%
Nigeria Onitsha 1 230 000
2%
Indonezja Pekanbaru 1 110 000
2%
Indie Prajagradź 1 580 000
2%
Indie Puducherry 1 010 000
2%
Chiny Puyang 1 750 000
2%
Chiny Qinhuangdao 1 740 000
2%
Chiny Qiqihar 1 030 000
2%
Indie Radźkot 2 225 000
2%
Indie Ranchi 1 630 000
2%
Indonezja Surakarta 1 690 000
2%
Chiny Tai'an 1 560 000
2%
Tajwan Taizhong 2825 000
2%
Indie Tiruppur 1 650 000
2%
Indie Visakhapatnam 2 475,000
2%
Chiny Weihai 1 510 000
2%
Chiny Wuhu 1 850 000
2%
Chiny Xiangyang 1 800 000
2%
Chiny Xining 2 250 000
2%
Chiny Xinxiang 2 700 000
2%
Chiny Xuchang 1 390 000
2%
Chiny Yancheng 1 460 000
2%
Chiny Yichang 1 390 000
2%
Chiny Yiwu 2 700 000
2%
Chiny Yulin 1 570 000
2%
Nigeria Zaria 1 050 000
2%
Chiny Zhangjiakou 1 450 000
2%
Chiny Zhanjiang 1 890 000
2%
Chiny Zhuhai 2 675 000
2%
Arabia Saudyjska Al Hufuf 1 060 000
1%
Indie Aligarh 1 450 000
1%
Irak Al-Nadżaf 1 050 000
1%
Indie Asansol 1 750 000
1%
Indie Aurangabad 2 075 000
1%
Chiny Baoji 1 220 000
1%
Chiny Beihai 1 090 000
1%
Chiny Bengbu 2 000 000
1%
Indie Bhilaj Nagar 3 375 000
1%
Indie Bhubaneswar 2 125 000
1%
Arabia Saudyjska Chamis Muszajt 1 030 000
1%
Chiny Changzhi 1 250 000
1%
Chiny Chuzhou 1 070 000
1%
Chiny Dazhou 1 380 000
1%
Indie Dehradun 1 070 000
1%
Chiny Dezhou 1 290 000
1%
Indie Dhanbad 1 480 000
1%
Chiny Dongying 1 050 000
1%
Indie Dżabalpur 1 610 000
1%
Chiny Ezhou 1 180 000
1%
Chiny Fuyang 1 410 000
1%
Chiny Ganzhou 2 150 000
1%
Chiny Guigang 1 050 000
1%
Indie Guwahati 1 240 000
1%
Indie Gwalijar 1 580 000
1%
Chiny Hengshui 1 070 000
1%
Chiny Huai'an 1 940 000
1%
Chiny Huaibei 1 330 000
1%
Indie Hubballi-Dharwad 1 250 000
1%
Chiny Huludao 1 060 000
1%
Indie Jamshedpur 1 830 000
1%
Chiny Jiangyin 3 200 000
1%
Chiny Jiaxing 2 275 000
1%
Chiny Jiujiang 1 080 000
1%
Indonezja Karawang 1 260 000
1%
Chiny Langfang 1 080 000
1%
Chiny Lianyungang 1 150 000
1%
Chiny Liaocheng 1 240 000
1%
Chiny Liupanshui 1 030 000
1%
Chiny Liuyang 1 040 000
1%
Brazylia Londrina 1 050 000
1%
Indie Meerut 1 930 000
1%
Chiny Mianyang 1 800 000
1%
Indie Mysuru 1 370 000
1%
Chiny Nanyang 1 680 000
1%
Chiny Panjin 1 030 000
1%
Chiny Pingdingshan 2 100 000
1%
Chiny Qingyuan 1 340 000
1%
Meksyk Querétaro Arteaga 1 750 000
1%
Chiny Qujing 1 150 000
1%
Chiny Rizhao 1 270 000
1%
Indie Saharanpur 1 170 000
1%
Brazylia São José dos Campos 1 090 000
1%
Pakistan Sargodha 1,080 000
1%
Indonezja Serang 1 230 000
1%
Chiny Shangqiu 1 750 000
1%
Chiny Shangrao 1 580 000
1%
Chiny Shaoyang 1 080 000
1%
Chiny Shiyan 1 070 000
1%
Chiny Shuyang 1 120 000
1%
Pakistan Sijalkot 1 050 000
1%
Indie Siliguri 1 220 000
1%
Indie Solapur 1 160 000
1%
Chiny Suqian 1 230 000
1%
Chiny Tengzhou 1 010 000
1%
Indie Tiruchirappalli 1 320 000
1%
Chiny Wanzhou 1 190 000
1%
Indie Warangal 1 100 000
1%
Indie Widźajawada 2 350 000
1%
Chiny Xingtai 1 700 000
1%
Chiny Xinyang 1 230 000
1%
Chiny Yangzhou 2 300 000
1%
Chiny Yibin 1 310 000
1%
Chiny Yongkang 1 110 000
1%
Chiny Yueyang 1 220 000
1%
Chiny Zaozhuang 1 900 000
1%
Chiny Zhaoqing 1 160 000
1%
Chiny Zhenjiang 1 210 000
1%
Chiny Zhoukou 1 100 000
1%
Chiny Zunyi 2 025 000
1%
Nie znaleziono quizów pasujących do podanych kryteriów
Rozkład punktacji
Procent ludzi z każdym wynikiem
Percentyl według liczby udzielonych odpowiedzi
Twoja historia wyników
Nie rozwiązałeś tego quizu